[Event "Araraquara op 2nd"]
[Site "Araraquara"]
[Date "2024.02.13"]
[Round "7"]
[White "Morioka, Felipe Yukio"]
[Black "Kulkamp, Victor Silva"]
[Result "0-1"]
[WhiteElo "1572"]
[BlackElo "1824"]
[PlyCount "78"]
[EventDate "2024.02.10"]
[EventType "swiss"]
[EventRounds "7"]
[EventCountry "BRA"]
[SourceTitle "CB09_2024"]
[SourceDate "2024.02.28"]
[SourceVersion "1"]
[SourceVersionDate "2024.02.28"]
[SourceQuality "1"]

1. e4 c5 2. Nf3 Nc6 3. d4 cxd4 4. Nxd4 d5 5. Nc3 dxe4 6. Nxc6 Qxd1+ 7. Kxd1 bxc6 8. Nxe4 f5 9. Ng3 e5 10. Bd3 g6 11. Re1 Bg7 12. Bf4 e4 13. c3 Ne7 14. Bc4 Nd5 15. Be3 Be6 16. Bxd5 cxd5 17. Ne2 Kf7 18. Kc2 h6 19. g3 g5 20. Rh1 a5 21. h4 Bf6 22. hxg5 hxg5 23. Nd4 Rac8 24. Nxe6 Kxe6 25. Kd2 Rb8 26. Rxh8 Rxh8 27. Rf1 Rh2 28. Kc1 f4 29. gxf4 g4 30. Rg1 Kf5 31. Kd1 Be7 32. a3 a4 33. Ke2 Bh4 34. Kd1 Bxf2 35. Bxf2 Rxf2 36. Kc1 Kxf4 37. Rh1 g3 38. Rh4+ Kf3 39. Rh3 Rh2 0-1

[Event "Araraquara op 2nd"]
[Site "Araraquara"]
[Date "2024.02.12"]
[Round "6"]
[White "Kulkamp, Victor Silva"]
[Black "Eto, Fabio Luis"]
[Result "0-1"]
[WhiteElo "1824"]
[BlackElo "1686"]
[PlyCount "117"]
[EventDate "2024.02.10"]
[EventType "swiss"]
[EventRounds "7"]
[EventCountry "BRA"]
[SourceTitle "CB09_2024"]
[SourceDate "2024.02.28"]
[SourceVersion "1"]
[SourceVersionDate "2024.02.28"]
[SourceQuality "1"]

1. d4 d5 2. c4 c6 3. Nf3 Nf6 4. g3 dxc4 5. Bg2 Bf5 6. a4 e6 7. 0-0 Nbd7 8. Nc3 h6 9. Re1 Bb4 10. Nd2 0-0 11. e4 Bg6 12. Nxc4 Re8 13. Bf4 Nb6 14. Ne5 Bh7 15. a5 Nbd7 16. a6 Nxe5 17. dxe5 Nd7 18. axb7 Rb8 19. Rxa7 Qc7 20. Qa4 Bc5 21. Ra6 Bb6 22. Be3 Rxb7 23. b4 Nxe5 24. Bf4 Rc8 25. Rc1 g5 26. Bxe5 Qxe5 27. Ra8 Rbb8 28. Rxb8 Qxb8 29. Qa6 Bd8 30. Nb5 Be7 31. Na7 Rc7 32. Nxc6 Rxc6 33. Qxc6 Qxb4 34. Qc8+ Bf8 35. Qc3 Qa4 36. Qc6 Qd4 37. Bf3 Bg6 38. h3 Kh7 39. Kg2 h5 40. Rc4 Qd2 41. Qe8 Bg7 42. Qa8 Bd4 43. Rxd4 Qxd4 44. Qc6 g4 45. hxg4 hxg4 46. Qb7 gxf3+ 47. Kxf3 Qd3+ 48. Kf4 Qd2+ 49. Kf3 Bh5+ 50. Kg2 Qe2 51. Qd7 Qxe4+ 52. Kh2 Qf5 53. f4 Bf3 54. Qc7 Qh5+ 55. Kg1 Qh1+ 56. Kf2 Qg2+ 57. Ke3 Qe2+ 58. Kd4 Qe4+ 59. Kc3 0-1

[Event "Araraquara op 2nd"]
[Site "Araraquara"]
[Date "2024.02.12"]
[Round "5"]
[White "Saito, Vinicius Ikezu"]
[Black "Kulkamp, Victor Silva"]
[Result "1-0"]
[WhiteElo "2147"]
[BlackElo "1824"]
[PlyCount "55"]
[EventDate "2024.02.10"]
[EventType "swiss"]
[EventRounds "7"]
[EventCountry "BRA"]
[SourceTitle "CB09_2024"]
[SourceDate "2024.02.28"]
[SourceVersion "1"]
[SourceVersionDate "2024.02.28"]
[SourceQuality "1"]

1. e4 d6 2. d4 Nf6 3. Nc3 g6 4. f4 Bg7 5. Nf3 0-0 6. a3 c6 7. Bd3 Qc7 8. 0-0 Bg4 9. e5 Nfd7 10. h3 Bxf3 11. Qxf3 dxe5 12. dxe5 Nc5 13. Bc4 Nbd7 14. Be3 b5 15. Ba2 a5 16. Qf2 Ne6 17. Ne4 g5 18. Bxe6 gxf4 19. Bxd7 fxe3 20. Qg3 e2 21. Rf2 Kh8 22. Bf5 e6 23. Bxh7 Bxe5 24. Qh4 f6 25. Bf5+ Kg8 26. Bxe6+ Kg7 27. Qg4+ Kh8 28. Rxe2 1-0

[Event "Araraquara op 2nd"]
[Site "Araraquara"]
[Date "2024.02.11"]
[Round "3"]
[White "De Souza, Arthur Neres"]
[Black "Kulkamp, Victor Silva"]
[Result "0-1"]
[WhiteElo "1445"]
[BlackElo "1824"]
[PlyCount "66"]
[EventDate "2024.02.10"]
[EventType "swiss"]
[EventRounds "7"]
[EventCountry "BRA"]
[SourceTitle "CB09_2024"]
[SourceDate "2024.02.28"]
[SourceVersion "1"]
[SourceVersionDate "2024.02.28"]
[SourceQuality "1"]

1. d4 d5 2. c4 c6 3. cxd5 cxd5 4. Nc3 Nf6 5. Bf4 a6 6. e3 Nc6 7. Bd3 e6 8. Nf3 Bd6 9. Bxd6 Qxd6 10. 0-0 b5 11. Rc1 Bb7 12. Qd2 0-0 13. Ne1 e5 14. dxe5 Nxe5 15. Ne2 Nfg4 16. Ng3 h5 17. f4 Nxd3 18. Qxd3 Rae8 19. e4 Qb6+ 20. Kh1 Nf2+ 21. Rxf2 Qxf2 22. Qf3 Qxf3 23. Nxf3 dxe4 24. Ne5 Rc8 25. Re1 Rc2 26. h4 e3 27. Nf3 Bxf3 28. gxf3 Rd8 29. Kg1 Rdd2 30. Ne4 Rg2+ 31. Kh1 Rh2+ 32. Kg1 Rcg2+ 33. Kf1 e2+ 0-1

[Event "BRA-ch U20"]
[Site "Concordia"]
[Date "2021.10.03"]
[Round "6"]
[White "Lima, Leonardo1111"]
[Black "Kulkamp, Victor Silva"]
[Result "1-0"]
[WhiteElo "1586"]
[BlackElo "1737"]
[PlyCount "47"]
[EventDate "2021.09.30"]
[EventType "swiss"]
[EventRounds "6"]
[EventCountry "BRA"]
[SourceTitle "EXT 2023"]
[Source "ChessBase"]
[SourceDate "2022.10.05"]
[SourceVersion "1"]
[SourceVersionDate "2022.10.05"]
[SourceQuality "1"]

1. e4 e5 2. Nf3 Nf6 3. d3 Nc6 4. Nc3 Bc5 5. Bg5 h6 6. Bh4 g5 7. Bg3 d6 8. h4 g4 9. Nd2 Nh5 10. Nb3 Be3 11. Nd5 Bf4 12. Bxf4 exf4 13. Qd2 f3 14. 0-0-0 fxg2 15. Bxg2 Be6 16. Rde1 Qd7 17. Qc3 0-0-0 18. Nd4 Bxd5 19. exd5 Ne5 20. Qa5 Kb8 21. Nc6+ Nxc6 22. dxc6 bxc6 23. Re4 c5 24. Rb4+ 1-0

[Event "BRA-ch U20"]
[Site "Concordia"]
[Date "2021.10.02"]
[Round "4"]
[White "Bittencourt, Arian G Decezare"]
[Black "Kulkamp, Victor Silva"]
[Result "1-0"]
[WhiteElo "1301"]
[BlackElo "1737"]
[PlyCount "120"]
[EventDate "2021.09.30"]
[EventType "swiss"]
[EventRounds "6"]
[EventCountry "BRA"]
[SourceTitle "EXT 2023"]
[Source "ChessBase"]
[SourceDate "2022.10.05"]
[SourceVersion "1"]
[SourceVersionDate "2022.10.05"]
[SourceQuality "1"]

1. e4 e5 2. Nf3 Nf6 3. Nc3 Nc6 4. Bc4 Bb4 5. 0-0 0-0 6. d3 h6 7. Nd5 Be7 8. Nxe7+ Qxe7 9. Re1 Na5 10. b3 c6 11. Qd2 Nxc4 12. bxc4 d6 13. h3 Be6 14. Bb2 Rad8 15. Qe2 Nh5 16. Nh2 Nf4 17. Qe3 Qg5 18. Qg3 Qxg3 19. fxg3 Nh5 20. g4 Nf4 21. Nf1 g6 22. Kh2 Bc8 23. c5 dxc5 24. Bxe5 Ne6 25. Ne3 f6 26. Bb2 b5 27. Rad1 b4 28. Nc4 Ba6 29. Nd2 Nd4 30. Bxd4 cxd4 31. Nb3 Rfe8 32. Rf1 Kg7 33. h4 Re5 34. Rf2 Rd6 35. Rdf1 c5 36. Nd2 Re7 37. h5 Bc8 38. Kg3 gxh5 39. gxh5 Re5 40. Nc4 Rg5+ 41. Kh2 Rxh5+ 42. Kg1 Ra6 43. e5 f5 44. Nd6 Be6 45. Ne8+ Kf7 46. Nf6 Rg5 47. Ne4 Kg6 48. Nxc5 Rc6 49. Nb3 Bxb3 50. axb3 Re6 51. Re2 Rg4 52. Ra1 Kf7 53. Rxa7+ Re7 54. Ra6 Rg6 55. Ra5 Rge6 56. Kf2 Kg6 57. Rd5 f4 58. Rxd4 Rxe5 59. Rxe5 Rxe5 60. Rxb4 Rc5 1-0

[Event "Parana-ch"]
[Site "Maringa"]
[Date "2019.12.15"]
[Round "7"]
[White "Kulkamp, Victor Silva"]
[Black "Waterkemper, Wesley Nobuyuki Tom"]
[Result "0-1"]
[WhiteElo "1800"]
[BlackElo "1740"]
[PlyCount "74"]
[EventDate "2019.12.12"]
[EventType "swiss"]
[EventRounds "7"]
[EventCountry "BRA"]
[SourceTitle "CBM 193 Extra"]
[Source "ChessBase"]
[SourceDate "2020.01.31"]
[SourceVersion "1"]
[SourceVersionDate "2020.01.31"]
[SourceQuality "1"]

1. e4 c5 2. Nf3 Nc6 3. d4 cxd4 4. Nxd4 g6 5. f4 Bg7 6. Be3 Qa5+ 7. c3 Nf6 8. Nd2 d6 9. h3 a6 10. g4 Nd7 11. N2b3 Qc7 12. Bd3 b5 13. Qc2 Bb7 14. Rf1 Rc8 15. f5 Nxd4 16. Nxd4 Nc5 17. g5 Be5 18. f6 e6 19. Rc1 Nxd3+ 20. Qxd3 Qc4 21. Qxc4 bxc4 22. Nf3 Bg3+ 23. Ke2 Bxe4 24. Rg1 Bxf3+ 25. Kxf3 Be5 26. Bf4 Bxf4 27. Kxf4 Rb8 28. Rg2 h6 29. Rh2 hxg5+ 30. Kxg5 Rh5+ 31. Kg4 Rf5 32. Rd1 d5 33. Re2 Rb5 34. Rde1 Rxf6 35. Re5 Rxb2 36. Rxd5 Rg2+ 37. Kh4 Rf4# 0-1

[Event "Parana-ch"]
[Site "Maringa"]
[Date "2019.12.12"]
[Round "1"]
[White "Borges, Leonardo Hisao Hera"]
[Black "Kulkamp, Victor Silva"]
[Result "1-0"]
[WhiteElo "1798"]
[BlackElo "1800"]
[PlyCount "61"]
[EventDate "2019.12.12"]
[EventType "swiss"]
[EventRounds "7"]
[EventCountry "BRA"]
[SourceTitle "CBM 193 Extra"]
[Source "ChessBase"]
[SourceDate "2020.01.31"]
[SourceVersion "1"]
[SourceVersionDate "2020.01.31"]
[SourceQuality "1"]

1. Nf3 d5 2. g3 Nf6 3. Bg2 c5 4. 0-0 Nc6 5. d4 e6 6. c4 dxc4 7. Qa4 Qd7 8. dxc5 Bxc5 9. Rd1 Qc7 10. Qxc4 Qb6 11. e3 Bd7 12. Nc3 0-0 13. Na4 Qb4 14. Qxc5 Qxa4 15. b3 Qb4 16. Qc2 Rac8 17. Bd2 Qg4 18. Bc3 e5 19. Qb2 e4 20. Nd2 Nh5 21. Nxe4 Rcd8 22. h3 Qg6 23. g4 Nf6 24. Bxf6 gxf6 25. Nxf6+ Kg7 26. Nxd7+ f6 27. Nxf8 Rxd1+ 28. Rxd1 Kxf8 29. Bxc6 bxc6 30. Rd7 h5 31. Qd4 1-0